Регионална библиотека "Любен Каравелов" - Русе

В. А. Жуковский и его произведения 1783-1883 (Запис номер 429593)

MARC детайли
000 -Лидер
Контролно поле с фиксирана дължина nam a22 a 4500
003 - Код на организацията, давaща контролен номер
Контролно поле BLK
005 - Дата и час на последна редакция
Контролно поле 20210824090405.0
008 - Елементи от данни с фиксирана дължина
fixed length control field 210824b bu |||||r|||| 00| | bu d
040 ## - Източник на каталожния запис
Идентификатор на билиотеката - собственик на записа BLK
041 ## - Код за език
Код за езика на текст/звукозапис или на отделно заглавие Руски
Код за езика КДБФ Руски
080 ## - УДК
Текстов определител УДК Руска литература
УДК код - определител по УДК 821.161.1
УДК определител .09
УДК - код + определител 821.161.1.09
080 ## - УДК
Текстов определител УДК Руски поет, лит. критик, преводач
УДК код - определител по УДК 929 Жуковский, Василий Андреевич
УДК - код + определител 929 Жуковский, Василий Андреевич
100 ## - Редна дума - Автор
R(LIN) 1299
Автор Поливанов, Лев Иванович
Авторска отговорност първи автор
139 ## - Редно поле
Редна дума Поливанов, Лев Иванович
245 ## - Сведения за заглавието
Заглавие В. А. Жуковский и его произведения 1783-1883
Редно поле (дума) П. Загарин
260 ## - Област на издателските данни
9 (RLIN) 463045
Място на издаване, разпространение и проч. Москва
Име на издателя, разпространителя и проч. Лев Поливанов
Година на издаване 1883
300 ## - Физическа характеристика
Страници 4, VIII, 584, LIX, 2 с.
Илюстрации и др. 1 л. : портр., 26 л. ил., портр., факс., нот.
Размери/Мащаб 26 см
380 ## - Жанр
Жанр Литературознание
490 ## - СЕРИИ (Колекции)
9 (RLIN) 435080
Име на серия Колекция Редки и ценни издания
500 ## - Общи забележки
Забележка П. Загарин - псевдоним на Лев Иванович Поливанов
600 14 - Име на лице, използвано като предмет
9 (RLIN) 68660
За него / За нея Жуковский, Василий Андреевич
650 #0 - Допълнително описание по предмет – тема
9 (RLIN) 245764
Основно описание – тема или топоним Писатели, руски
852 ## - Местоположение
Форматна сигнатура Рр 883
Фондова буква Редки и ценни
999 ## - СИСТЕМНИ КОНТРОЛНИ НОМЕРА
Koha biblionumber 429593
Koha biblioitemnumber 429593
942 ## - АРТИКУЛИ
Вид на библиотечния материал Книги
Скрит в OPAC Не
Периодичен библиозапис Да
944 ## - СЪЗДАВАНЕ И РЕДАКЦИЯ на ЗАПИСА
Създаване/Редакция Създаване
Дата на регистрацията/редакция 2021-08-24
Служител, извършил регистрацията/редакцията ВЙ
Наличности
Код за отписване Код за изгубен артикул Източник на класификационната схема Код за повреда Коз за рестрикции Код за отдаване Артикулен № Име на библиотеката - собственик Име на библиотеката, в която се намира в момента Статус (Текущо местоположение) Дата на вписване в системата Местоположение - отдел Цена в лева Инвентарен номер Систематично азбучна сигнатура Баркод Цена в евро Служебен тип на артикула
  Не е изгубен Universal Decimal Classification Не е повреден само за читалня Специални фондове ( старопечатни, редки и ценни, фонд М. Арнаудов) 854399 Регионална библиотека "Любен Каравелов" Русе Регионална библиотека "Любен Каравелов" Русе Редки и ценни 2021-09-23 Редки и ценни 0.96 11667 Рр 883 900000075780 0.49 Книги
Vip Innovations Ltd, Rousse, Bulgaria 2025